Statistics for WWE WrestleMania Quiz

Click here to take the quiz!

General Stats

  • This quiz has been taken 226 times
  • The average score is 31 of 52

Answer Stats

HintAnswer% Correct
Name all the participants in the main event of WrestleMania I?Hulk Hogan
93%
Hulk Hogan
93%
Who ended The Streak at WrestleMania XXX?Brock Lesnar
78%
In the main event of WrestleMania XIX, who tried to hit a flying moonsault from the top rope and missed, almost endign his career and being paralyzed from the neck down?Brock Lesnar
77%
Mr. T
76%
Who did The Undertaker retire at WrestleMania XXVI in one of the greatest match sequels of all-time?Shawn Michaels
76%
Who did Shawn Michaels retire at WrestleMania XXIV?Ric Flair
75%
Who defeated The Undertaker at WrestleMania 33 to claim that the WWE is his yard now?Roman Reigns
75%
Who retained the World Heavyweight Championship at WrestleMania XXVII in his last ever match?Edge
74%
Randy Savage
74%
Who won the first Money in the Bank Ladder match at WrestleMania 21?Edge
73%
Who won the WWE Championship at WrestleMania IV?Randy Savage
73%
Who did Mr. McMahon lose to at WrestleMania XXVI to end his WrestleMania career at 0-4?Bret Hart
72%
At WrestleMania IV, there were two WWE Championship matches. Who were the three participants?Bret Hart
72%
Who lost to The Undertaker at WrestleMania 29 after mocking the death of Paul Bearer?CM Punk
72%
Who won the Money in the Bank Ladder match at the 25th Anniversary of WrestleMania after winning the same match the year before?CM Punk
72%
Roddy Piper
71%
What superstar faced Bret Hart at WrestleMania 13 and refused to tap out to the Sharpshooter?"Stone Cold" Steve Austin
71%
Who won the main event of WrestleMania XV in the first match of one of the best WrestleMania triolgies?"Stone Cold" Steve Austin
71%
Two of the greatest Attitude Era superstars had their WrestleMania debuts at WrestleMania XII. Who were they?"Stone Cold" Steve Austin
70%
Who faced his brother in one-on-one action for the first time at WrestleMania XIV after refusing to face him for months?The Undertaker
70%
Who became the first person to cash in the Money in the Bank, not only at WrestleMania, but in the middle of a match at WrestleMania 31?Seth Rollins
68%
Who lost the World Heavyweight Championship at WrestleMania XXVIII in 18 seconds?Daniel Bryan
66%
Who did Edge spear through a table that was set on fire by Lita at WrestleMania 22?Mick Foley
66%
Bobby Lashley
64%
Who won the first Andre the Giant Memorial Battle Royal at WrestleMania XXX?Cesaro
63%
Who did The Rock defeat in a record 6 seconds at WrestleMania 32?Erick Rowan
61%
During The Streak, The Undertaker competed in a handicap match at WrestleMania XIX. Who were his two opponents?The Big Show
60%
Who represented Mr. McMahon and Donald Trump in the "Battle of the Billionaires" match at WrestleMania 23?Umaga
60%
Triple H
59%
Who won the World Heavyweight Championship in the main event of WrestleMania XX?Chris Benoit
57%
At WrestleMania X, what type of match did Razor Ramon and Shawn Michaels compete in for the Intercontinental Championship in what is considered widely one of the greatest matches of this match type and WrestleMania history?Ladder match
57%
Who was the special guest ring eforcer for the WWE Championship match featuring "Stone Cold" Steve Austin and Shawn Michaels at WrestleMania XIV?Mike Tyson
56%
Who competed for the Intercontinental Championship at WrestleMania III?Ricky Steamboat
54%
WrestleMania VII featured The Undertaker's first match of The Streak. Who did he defeat in less than five minutes?Jimmy Snuka
53%
Paul Orndorff
51%
What match occurred at WrestleMania XXVIII that was billed as "Once in a Lifetime?"The Rock vs. John Cena
51%
Yokozuna
50%
Who did Mr. McMahon lose to in a street fight at WrestleMania X-Seven to kick off his 0-4 record at WrestleMania?Shane McMahon
49%
A-Train
47%
Who did Randy Savage reunite with at WrestleMania VII?Miss Elizabeth
47%
Ric Flair and Randy Savage were physically fighting over the WWE Championship in their classis WrestleMania VIII match. But they were also morally fighting over something. What was it?Miss Elizabeth
46%
What NFL Hall of Famer defeated Bam Bam Bigelow at WrestleMania XI?Lawrence Taylor
42%
Los Angeles
40%
What match was billed as "Icon vs. Icon" at WrestleMania X8?Hulk Hogan vs. The Rock
39%
Intercontinental Championship
36%
What was the name of WrestleMania XVI?WrestleMania 2000
36%
What two championships did Randy Savage and Hulk Hogan both out on the line at WrestleMania VI?WWE Championship
31%
What match occurred at WrestleMania XX that is widely considered one of the worst matches in WrestleMania history?Brock Lesnar vs. Goldberg
29%
Who won the Intercontinental Championship at WrestleMania V?Rick Rude
26%
Rosemont
16%
What three cities did WrestleMania 2 take place in?Uniondale
14%

Score Distribution

Percentile by Number Answered

Percent of People with Each Score

Your Score History

You have not taken this quiz